000 00684nam a2200241Ia 4500
003 OSt
005 20220918193013.0
006 a|||||r|||| 00| 0
007 ta
008 220917b |||||||| |||| 00| 0 eng d
024 _a71,469
037 _cTextual
040 _aARTS
_cARTS
_beng
041 _2eng
_aeng
082 _aR3xM891, L9
100 _aDiamond Cora
_980831
245 0 _aIntention andintentionality Essays in honour of G EM Anscombe
260 _aSussex
_bHarvester Press
_c1979
300 _axii, 265p.
_ccm.
700 _a Teichman Jenny
_975157
942 _hR3xM891, L9
_cTEXL
_2CC
999 _c197542
_d197542